Statistics for Most Common US Last Names Starting With W

Click here to take the quiz!

General Stats

  • This quiz has been taken 474 times
  • The average score is 17 of 36

Answer Stats

#name% Correct
1,534,042Williams
95%
783,051Wilson
88%
639,515White
77%
188,464West
75%
104,281Walters
66%
147,906Warren
64%
112,216Williamson
62%
501,307Walker
60%
65,817Waters
58%
92,834Wade
56%
170,635Wells
56%
125,627Willis
56%
247,299Wood
56%
242,432Watson
55%
440,367Wright
54%
190,760Wallace
51%
254,121Ward
51%
163,036Washington
51%
163,481Webb
51%
81,824Warner
50%
168,814Woods
49%
70,997Walton
46%
67,570Wang
46%
154,516Wagner
39%
99,392Wong
39%
107,866Weber
36%
86,228Watts
35%
138,811Weaver
34%
121,684Wheeler
29%
103,216Walsh
28%
122,447Watkins
27%
70,123Webster
25%
68,905Wolf
25%
66,738Wise
24%
105,804Welch
18%
83,112Wolfe
13%

Score Distribution

Percentile by Number Answered

Percent of People with Each Score

Your Score History

You have not taken this quiz